Slováci preceňujú svoje finančné know-how

Finančné znalosti obyvateľov Slovenska a vybraných krajín Európy, Ameriky a Ázie. Prieskum, ktorý ukázal ako vieme hospodáriť v domácnostiach, vypočítať si úroky, správne nastaviť úver alebo investovať.

Gespeichert in:
Bibliographische Detailangaben
1. Verfasser: Kouřil, Viktor
Format: Buchkapitel
Sprache:Slowakisch
Schlagworte:
Tags: Tag hinzufügen
Keine Tags, Fügen Sie das erste Tag hinzu!

MARC

LEADER 00000naa a2200000 4500
001 0146348
005 20220725111613.3
041 0 |a slo 
044 |a SK 
245 1 0 |a Slováci preceňujú svoje finančné know-how  |c Viktor Kouřil 
520 |a Finančné znalosti obyvateľov Slovenska a vybraných krajín Európy, Ameriky a Ázie. Prieskum, ktorý ukázal ako vieme hospodáriť v domácnostiach, vypočítať si úroky, správne nastaviť úver alebo investovať. 
610 2 0 |a Slovensko 
610 2 0 |a Európa 
610 2 0 |a svet 
610 2 0 |a gramotnosť finančná 
610 2 0 |a obyvateľstvo 
610 2 0 |a financie 
610 2 0 |a plánovanie finančné 
610 2 0 |a kapitalizácia 
610 2 0 |a riadenie finančné 
610 2 0 |a príjmy 
610 2 0 |a výdavky 
610 2 0 |a domácnosti 
610 2 0 |a prieskum 
100 1 |a Kouřil, Viktor